Statistics for Guess the Pixelated Footballers

Click here to take the quiz!

General Stats

  • This quiz has been taken 46 times
  • The average score is 14 of 16

Answer Stats

Answer% Correct
Lionel Messi
100%
Mohamed Salah
98%
Neymar
98%
Pele
98%
Zinédine Zidane
95%
Thomas Muller
91%
Didier Drogba
89%
Mario Balotelli
89%
Zlatan Ibrahimovic
89%
George Best
86%
Kaka
86%
Wayne Rooney
86%
Paolo Maldini
84%
Alexis Sanchez
77%
Bobby Moore
59%
Edgar Davids
55%

Score Distribution

Percentile by Number Answered

Percent of People with Each Score

Your Score History

You have not taken this quiz